<?xml version="1.0" encoding="UTF-8"?><?xml-stylesheet type="text/xsl" href="static/style.xsl"?><OAI-PMH xmlns="http://www.openarchives.org/OAI/2.0/" xmlns:xsi="http://www.w3.org/2001/XMLSchema-instance" xsi:schemaLocation="http://www.openarchives.org/OAI/2.0/ http://www.openarchives.org/OAI/2.0/OAI-PMH.xsd"><responseDate>2026-04-17T22:54:31Z</responseDate><request verb="GetRecord" identifier="oai:www.recercat.cat:10230/56919" metadataPrefix="marc">https://recercat.cat/oai/request</request><GetRecord><record><header><identifier>oai:recercat.cat:10230/56919</identifier><datestamp>2025-12-20T16:50:58Z</datestamp><setSpec>com_2072_6</setSpec><setSpec>col_2072_452952</setSpec></header><metadata><record xmlns="http://www.loc.gov/MARC21/slim" xmlns:dcterms="http://purl.org/dc/terms/" xmlns:xsi="http://www.w3.org/2001/XMLSchema-instance" xmlns:doc="http://www.lyncode.com/xoai" xsi:schemaLocation="http://www.loc.gov/MARC21/slim http://www.loc.gov/standards/marcxml/schema/MARC21slim.xsd">
   <leader>00925njm 22002777a 4500</leader>
   <datafield ind2=" " ind1=" " tag="042">
      <subfield code="a">dc</subfield>
   </datafield>
   <datafield ind2=" " ind1=" " tag="720">
      <subfield code="a">Pintor Iranzo, Ivan</subfield>
      <subfield code="e">author</subfield>
   </datafield>
   <datafield ind2=" " ind1=" " tag="260">
      <subfield code="c">2023-05-22T06:22:32Z</subfield>
   </datafield>
   <datafield ind2=" " ind1=" " tag="260">
      <subfield code="c">2023-05-22T06:22:32Z</subfield>
   </datafield>
   <datafield ind2=" " ind1=" " tag="260">
      <subfield code="c">2019</subfield>
   </datafield>
   <datafield ind2=" " ind1=" " tag="520">
      <subfield code="a">Más allá de su dimensión mitológica, las adaptaciones cinematográficas de los superhéroes Marvel ofrecen una completa pedagogía acerca de las concepciones contemporáneas sobre la relación entre cuerpo, tecnología y mutación. A lo largo de la historia del cómic de superhéroes, la transformación del mito ha evolucionado a través del desdoblamiento original del héroe, la necesidad de mantener doble identidad y la mutación hacia espacios narrativos vinculados, por una parte a lo onírico y por otra hacia un campo de tensión filosófica entre el transhumanismo y lo posthumano. El presente artículo realiza un recorrido histórico y conceptual a través del arquetipo superheroico para hacer hincapié en el ensamblaje entre las posibilidades del cómic y las del cine. Tanto las singularidades contemporáneas del mutante, por una parte, como los acercamientos heterodoxos al superhéroe por parte del cineasta Manoj Night Shyamalan constituyen una indagación filosófica, ética y mitológica de los dispositivos políticos, sociales y perceptivos que acompañan el legado de esta tradición nacida al mismo tiempo que el cómic de aventuras de los años treinta.</subfield>
   </datafield>
   <datafield tag="653" ind2=" " ind1=" ">
      <subfield code="a">Superhéroe</subfield>
   </datafield>
   <datafield tag="653" ind2=" " ind1=" ">
      <subfield code="a">Mutante</subfield>
   </datafield>
   <datafield tag="653" ind2=" " ind1=" ">
      <subfield code="a">Marvel Universe</subfield>
   </datafield>
   <datafield tag="653" ind2=" " ind1=" ">
      <subfield code="a">DC Comics</subfield>
   </datafield>
   <datafield tag="653" ind2=" " ind1=" ">
      <subfield code="a">Posthumano</subfield>
   </datafield>
   <datafield ind2="0" ind1="0" tag="245">
      <subfield code="a">Bajo el signo de un dios salvaje: escenarios contemporáneos del superhéroe</subfield>
   </datafield>
</record></metadata></record></GetRecord></OAI-PMH>